Misch's Contemporary Implant Dentistry (Record no. 916364)

MARC details
000 -LEADER
fixed length control field 00351nam a2200145Ia 4500
008 - FIXED-LENGTH DATA ELEMENTS--GENERAL INFORMATION
fixed length control field 231025s2021 xx 000 0 und d
020 ## - INTERNATIONAL STANDARD BOOK NUMBER
International Standard Book Number 9788131262832
041 ## - LANGUAGE CODE
Language code of text/sound track or separate title eng
082 ## - DEWEY DECIMAL CLASSIFICATION NUMBER
Classification number 617.692
100 ## - MAIN ENTRY--PERSONAL NAME
Personal name Resnik R.R.
245 ## - TITLE STATEMENT
Title Misch's Contemporary Implant Dentistry
250 ## - EDITION STATEMENT
Edition statement 4th
260 ## - PUBLICATION, DISTRIBUTION, ETC.
Place of publication, distribution, etc. New Delhi
Name of publisher, distributor, etc. Elsevier
Date of publication, distribution, etc. 2021
300 ## - PHYSICAL DESCRIPTION
Extent 1241
Holdings
Withdrawn status Lost status Damaged status Not for loan Home library Current library Date acquired Cost, normal purchase price Total Checkouts Full call number Barcode Date last seen Date last checked out Price effective from Koha item type
        Dental College & Hospital, Pune Dental College & Hospital, Pune 30/03/2023 6140.00 5 617.692 DCP-7603 05/09/2025 21/08/2025 25/10/2023 Book